Statistics for Races of the Warhammer 40,000 Universe

Click here to take the quiz!

General Stats

  • This quiz has been taken 186 times
  • The average score is 7 of 13

Answer Stats

Answer % Correct
Eldar
95%
Tau
95%
Greenskins
95%
Humanity
92%
Necrons
77%
Tyranids
71%
Daemons
57%
Kroot
32%
Vespid
15%
Ctan
15%
Squats
12%
Old Ones
10%
Loxatl
8%

Score Distribution

Percentile by Number Answered

Percent of People with Each Score

Your Score History

You have not taken this quiz